00501nam a2200193 a 4500001001300000003000900013005001700022008004100039020000900080082001700089100001700106245005500123260003700178300000900215500003500224505001000259650002100269700001700290nice12345678IN_TiNIC20260116013019.0050524s1981 lona grp 000 0 eng  ac8000a297.814bSAB aSabini, John aArmies in the Sandb Struggle for Mecca and Medina aLondonbThames and Hudson c1981 a223p aincludes index and biblioraphy2 aIndex aMecca and Madina1 aSabini, John